| Tag |
First Indicator |
Second Indicator |
Subfields |
| LEADER |
00000cem a2200000Ii 4500 |
| 001 |
in00002782324 |
| 005 |
20151202171228.0 |
| 007 |
aj canzn |
| 008 |
040406s1946 dcu ae a f 0 eng d |
| 034 |
1 |
|
|a a
|b 55000000
|d W1800000
|e E1800000
|f N0900000
|g S0900000
|
| 035 |
|
|
|a (OCoLC)ocn868083835
|
| 035 |
|
|
|a (OCoLC)868083835
|
| 040 |
|
|
|a IUL
|b eng
|e rda
|c IUL
|d IUL
|d OCLCO
|d OCLCF
|d TXA
|d UtOrBLW
|
| 043 |
|
|
|a a-ja---
|
| 049 |
|
|
|a TXAM
|
| 050 |
|
4 |
|a G3201.B72 1946
|b .U52
|
| 052 |
|
|
|a 3201
|
| 110 |
1 |
|
|a United States.
|b Aeronautical Chart Service,
|e cartographer.
|
| 245 |
1 |
0 |
|a A.A.F. equidistant chart of the world centered near Tokyo, Japan /
|c U.S. Coast and Geodetic Survey.
|
| 246 |
3 |
|
|a Army Air Forces equidistant chart of the World centered near Tokyo, Japan
|
| 246 |
3 |
3 |
|a Azimuthal equidistant projection centered on 36°30ʹ--140° E
|
| 255 |
|
|
|a Scale 1:55,000,000 ;
|b Azimuthal equidistant projection
|c (W 180°--E 180°/N 90°--S 90°).
|
| 264 |
|
1 |
|a Washington, D.C. :
|b Aeronautical Chart Service, U.S. Army Air Forces,
|c [1946]
|
| 300 |
|
|
|a 1 map :
|b color ;
|c 76 cm in diameter, on sheet 105 x 80 cm
|
| 336 |
|
|
|a cartographic image
|b cri
|2 rdacontent
|
| 337 |
|
|
|a unmediated
|b n
|2 rdamedia
|
| 338 |
|
|
|a sheet
|b nb
|2 rdacarrier
|
| 500 |
|
|
|a Shows radial distances.
|
| 500 |
|
|
|a Insets: Lamberts Azimuthal Equal Area Projection of the Northern Hemisphere -- Lamberts Azimuthal Equal Area Projection of the Southern Hemisphere.
|
| 500 |
|
|
|a "(ZD-7)."
|
| 500 |
|
|
|a "Dec. 1943 (C&GS) Revised Oct. 1946 (C&GS) Base Number 1 R."
|
| 500 |
|
|
|a Includes explanation for use of an Azimuthal equidistant chart.
|
| 650 |
|
0 |
|a Azimuthal equidistant projection (Cartography)
|v Maps.
|
| 651 |
|
0 |
|a Tokyo (Japan)
|x Distances, etc.
|v Maps.
|
| 650 |
|
7 |
|a Azimuthal equidistant projection (Cartography)
|2 fast
|0 (OCoLC)fst00824662
|
| 650 |
|
7 |
|a Distances.
|2 fast
|0 (OCoLC)fst00895492
|
| 650 |
|
7 |
|a World maps.
|2 fast
|0 (OCoLC)fst01181367
|
| 651 |
|
7 |
|a Japan
|z Tokyo.
|2 fast
|0 (OCoLC)fst01204835
|
| 655 |
|
7 |
|a World maps.
|2 lcgft
|
| 655 |
|
7 |
|a Maps.
|2 fast
|0 (OCoLC)fst01423704
|
| 710 |
2 |
|
|a U.S. Coast and Geodetic Survey.
|
| 994 |
|
|
|a C0
|b TXA
|
| 948 |
|
|
|a cataloged
|b h
|c 2015/5/28
|d c
|e nbehmer
|f 3:40:37 pm
|
| 999 |
|
|
|a MARS
|
| 999 |
f |
f |
|s 1c37b5b7-b146-374f-a53a-1e4a616568c6
|i bfa9c8cb-7ee5-3ab0-96b6-39aa5dc89501
|t 0
|
| 952 |
f |
f |
|p normal
|a Texas A&M University
|b College Station
|c Sterling C. Evans Library
|d Evans: Maps (2nd floor)
|t 0
|e G3201.B72 1946 .U52
|f Oversize
|h Library of Congress classification
|i unmediated -- sheet
|m A14841092974
|
| 998 |
f |
f |
|a G3201.B72 1946 .U52
|t 0
|l Evans: Maps (2nd floor)
|